000
00314nam a22001217a 4500
999
_c
9547
_d
9547
003
OSt
008
201209b ||||| |||| 00| 0 eng d
245
_a
Proceedings Mathematical Sciences
250
_a
2017(Feb Vol.127 No.1, Apr Vol.127 No.2)
260
_a
Bengaluru
_b
Springer
650
_a
Applied
942
_2
ddc
_c
BV